000 00493nam a22001937a 4500
005 20170310144311.0
008 170310b xxu||||| |||| 00| 0 eng d
020 _a9780349139289
_c299
040 _aLoreto College
041 _aEnglish
082 _aF
_bMCC
100 _aMcCall Smith,Alexander
245 _aThe minor adjustment beauty salon
_cAlexander McCall Smith
260 _aLondon
_bAbacus
_c2010
300 _a248p.
_b22cm
650 _aFiction
850 _aLCLIB
942 _cBK
999 _c40948
_d91427